000 03325nam a2200349Ia 4500
001 Z_6783
003 CHAP
008 220113s2015 xx 000 0 und d
010 _a170061
040 _cCHAP
082 _a615.532 F67
111 _aForo Interinstitucional homeopatía y modernidad. (11: 2015: Chapingo, Méx.)
_9145933
245 _aMemoria XII Foro Interinstitucional homeopatía y modernidad /
_ccoordinadores Felipe de Jesús Ruiz Espinoza y Deneb Camacho Morfín
260 _aChapingo, México :
_bUniversidad Autónoma Chapingo,
_c2015
300 _a115 p.
503 _aej.1: donación \ ej.2: donación \ ej.3: donación
504 _aIncluye bibliografía
505 _aAtención de urgencias en veterinaria con homeopatía / Francisco Niño Murcia . -- Situación de la homeopatía veterinaria en México en 2015 / . -- Nosode en el manejo de roya anaranjada del café Hemileia vastatrix, en Huatusco Veracru / Sandra Ramos Reyes...[et al.] . -- La agrohomeopatía como alternativa asequible a la crisis de la cafeticultura en Chiapas, México / Juana Cruz Morales, Sergio A. Zapata Domínguez y Felipe de Jesús Ruiz Espinoza . -- Disminución de la población de picudo Anthonomus eugenii en plantas de Capsicum annuum con homeopáticos / Sabino Honorio Martínez Tomás...[et al.] . -- Reflecciones del avance de la homeopatía contra plagas agrícolas / Cesáreo Rodríguez Hernández . -- Manejo del hongo letal (Ustulina Deusta) en naranja valencia tardía con preparados homeopáticos, inductores de resistencia y microorganismos benéficos en el ejido de San Pablo, Veracruz / Manuel Ángel Gómez...[et al.] . -- Enraizamiento de estacas de albahaca, tratada con cinco medicamentos homeopáticos en agua y sustrato / Jorge Luis Sánche Sánchez , Pedro Rubiera Guzmán y Felipe de Jesús Espinoza Ruiz . -- Siembra de cebollín (Allium schoenoprasum) orgánico, en cajas de plastico, de las utilizadas en le embarque de aguacate / Jorge Luis Sánche Sánchez, Pedro Rubiera Guzmán y Felipe de Jesús Ruiz Espinoza . -- Agricultura urbana, universidad y agrohomeopatía / Jorge Luis Sánche Sánchez, Pedro Rubiera Guzmán y Felipe de Jesús Ruiz Espinoza . -- Agrohomeopatía conocimiento científico paa la conservación de la vida / Felipe de Jesús Ruiz Espinoza . -- El uso de jugo de sábila (Aloe barbadensis millier) como estimulante del desarrollo de la bolsa de fabricación en pollos de engorda / José Luis Cruz López...[et al] . -- Determinación del porcentaje de germinación en semillas de sotol (Dasylirion Cedrosanum Trel.) de diferente año de cosecha en diferentes sustratos en condiciones de invernadero / Gerardo Rivas Medina...[et al.] . -- Efectos de las microondas en la germinación de trigo (Triticum aestivum) / Felipe de Jesús Ruiz Espinoza...[et al.]
650 _aAgricultura alternativa
_x
_x Congresos
_9145934
650 _aAgrohomeopatía
_9145935
650 _aHomeopatía
_956056
650 _aHomeopatía
_x
_x Investigación
_x
_x Congresos
_9145936
650 _aMedicina veterinaria
_x
_x Congresos
_9145937
700 _a Camacho Morfín, Deneb, coord.
_9145938
700 _aRuiz Espinoza, Felipe de Jesús, coord.
_9145939
901 _a615.532 F67
902 _aM
910 _a2015
942 _c1
942 _cc1
999 _c170061
_d170061